| 000 | 00737nam a22002177a 4500 | ||
|---|---|---|---|
| 003 | OSt | ||
| 005 | 20221109211729.0 | ||
| 008 | 221006b |||||||| |||| 00| 0 eng d | ||
| 040 | _cBiblioteca Lado V | ||
| 082 |
_a748.62 _bA681r |
||
| 100 |
_9236 _aArestizabal, Irma _ecurador _etextos |
||
| 245 |
_aRufino Tamayo | Mimmo Paladino/ _bMixografia/ |
||
| 260 | _aInstituto Italo - Latino Americano | ||
| 300 |
_c24x29cm _a70p. |
||
| 650 |
_2Tesauro de Arte & Arquitectura _aGRABADO |
||
| 650 |
_2Tesauro de Arte & Arquitectura _aMIXOGRAFIA |
||
| 650 |
_2Tesauro de Arte & Arquitectura _aARTE |
||
| 700 |
_aBonito Oliva, Achille _etextos |
||
| 700 |
_aLea Remba, Luis e _etextos |
||
| 942 |
_2ddc _c1 _h748.62 _iA681r _n0 |
||
| 999 |
_c2543 _d2543 |
||